Statistics for State Quiz - Texas

Click here to take the quiz!

General Stats

  • This quiz has been taken 37 times
  • The average score is 5 of 6

Answer Stats

HintAnswer% Correct
Texas Was Once It’s Own Country (true or false)True
91%
The Alamo Was The Only Spanish Mission In San Antonio (true or false)False
86%
Most Populated CityHouston
86%
Population Rank Is2
77%
Size Rank Is2
77%
Year Of Independence1836
50%

Score Distribution

Percentile by Number Answered

Percent of People with Each Score

Your Score History

You have not taken this quiz